| 000 | 00787cam a22002172 4500 | ||
|---|---|---|---|
| 001 | 0000020753 | ||
| 005 | 20151217161201.0 | ||
| 008 | 111011s xx 000 0 eng d | ||
| 040 |
_aKABU _cKABU |
||
| 245 | 1 | 4 |
_aThe Kenya law reports : _benvironment & land / _ceditor, Gladys Boss Shollei. |
| 250 | _a1st ed. | ||
| 260 |
_aNairobi : _bNational Council for Law Reporting, _c2006. |
||
| 300 | _acxiii, 802 p. | ||
| 650 | 0 |
_aEnvironmental law _xCases _zKenya. _@0000181306 |
|
| 650 | 0 |
_aLand use _xLaw and legislation _xCases _zKenya. _@0000181307 |
|
| 650 | 0 |
_aLand tenure _xLaw and legislation _xCases. _zKenya. _@0000181308 |
|
| 700 | 1 |
_aShollei, Gladys Boss. _@0000178455 |
|
| 852 | 1 | _9p3000 KES | |
| 908 | _a111011 | ||
| 950 | _@1 | ||
| 999 |
_c15256 _d15256 |
||